[Event "XXVII Paz de Ziganda 2017"]
[Site "masterchessopen.com Villava ESP"]
[Date "2017.03.18"]
[Round "3.3"]
[White "Sanchez Carayol,J"]
[Black "Gascon Del Nogal,Jose Rafael"]
[Result "0-1"]
[WhiteElo "2105"]
[BlackElo "2484"]

1.e4 c5 2.Nf3 d6 3.d4 Nf6 4.Nc3 cxd4 5.Nxd4 a6 6.Be2 e5 7.Nf3 h6 8.h3 Be7
9.O-O O-O 10.a4 Nc6 11.Be3 Nb4 12.a5 Bd7 13.Bb6 Qc8 14.Re1 Ne8 15.Bd3 f5
16.Qe2 Nxd3 17.cxd3 Bc6 18.Rac1 Qe6 19.d4 fxe4 20.Nxe4 Nf6 21.Nc3 e4 22.Rcd1
d5 23.Ne5 Bd6 24.f4 Nd7 25.Nxd7 Qxd7 26.Bc5 Rxf4 27.Bxd6 Qxd6 28.Rf1 Raf8
29.Rxf4 Rxf4 30.Rf1 Rxf1+ 31.Qxf1 Qb4 32.Qf2 Qxa5 33.Qf5 Qd8 34.Qe6+ Kh8 35.b4
Qf6 36.Qc8+ Kh7 37.Kh1 Qxd4 38.Qf5+ g6 {#R} 0-1

[Event "XXVII Paz de Ziganda 2017"]
[Site "masterchessopen.com Villava ESP"]
[Date "2017.03.18"]
[Round "4.1"]
[White "Del Rio de Angelis,S"]
[Black "Garbisu de Goni,U"]
[Result "1-0"]
[WhiteElo "2514"]
[BlackElo "2423"]

1.d4 f5 2.c4 Nf6 3.Nc3 g6 4.g3 Bg7 5.Bg2 O-O 6.Nf3 d6 7.O-O Nc6 8.d5 Na5 9.b3
c5 10.Bd2 a6 11.Rb1 Bd7 12.a4 e5 13.dxe6 Bxe6 14.Ng5 Bc8 15.Nd5 Nc6 16.Bc3 h6
17.Nf3 Be6 18.Nf4 Bf7 19.h4 Rb8 20.Qc2 b5 21.axb5 axb5 22.h5 g5 23.Ng6 Bxg6
24.hxg6 Ne4 25.Bxg7 Kxg7 26.cxb5 Nb4 27.Qc1 Qf6 28.Ra1 Rxb5 29.Ra7+ Kxg6 30.g4
Rf7 31.gxf5+ Kg7 32.Rxf7+ Qxf7 33.Ne5 Qxf5 34.Nc4 d5 35.Qa1+ Qf6 36.Qa7+ Qf7
37.Qxf7+ Kxf7 38.Bxe4 dxc4 39.bxc4 Ra5 40.Rd1 Ra2 41.Kf1 Ke6 42.Rd8 Ra1+
43.Kg2 Rc1 44.Rh8 Rxc4 45.Rxh6+ Ke5 46.Bh7 Nd5 47.Bg8 Nf4+ 48.Kf3 Rb4 49.e3
Nd3 50.Re6+ Kf5 51.e4+ Rxe4 52.Rxe4 Ne5+ 53.Rxe5+ Kxe5 54.Bh7 c4 55.Kg4 {#r}
1-0

[Event "XXVII Paz de Ziganda 2017"]
[Site "masterchessopen.com Villava ESP"]
[Date "2017.03.18"]
[Round "4.3"]
[White "Gascon Del Nogal,Jose Rafael"]
[Black "Touzane,O"]
[Result "1-0"]
[WhiteElo "2484"]
[BlackElo "2297"]

1.e4 e6 2.d4 d5 3.Nc3 Nf6 4.e5 Nfd7 5.f4 c5 6.Nf3 Nc6 7.Be3 Be7 8.Qd2 a6
9.dxc5 Nxc5 10.O-O-O b5 11.Qf2 Nd7 12.h4 Qa5 13.Kb1 b4 14.Ne2 Nc5 15.Ned4 Nxd4
16.Nxd4 Ne4 17.Qe1 Qc7 18.Rh3 Bb7 19.h5 O-O 20.g4 Rfc8 21.g5 a5 22.g6 fxg6
23.hxg6 hxg6 24.Bd3 Kf7 25.Qg1 Bc5 26.Nxe6 Bxe3 27.Ng5+ Nxg5 28.Qxg5 Ra6
29.Rxe3 Re6 30.f5 gxf5 31.Qxf5+ Ke7 32.Rf1 Re8 33.Qg5+ Kd7 34.Rf7+ R8e7
35.Rxg7 Qc5 36.Bf5 Kc6 37.Bxe6 Rxg7 38.Qxg7 Qxe3 39.Bxd5+ Kxd5 40.Qxb7+ Ke6
41.Qc6+ Kf5 42.Qf6+ Kg4 43.Qg6+ Kh4 44.Qf6+ Kg4 45.Qe6+ Kh4 46.Qc4+ Kg5
47.Qg8+ Kh4 48.Qh7+ Kg4 49.Qd7+ Kh4 50.Qd8+ Kg4 51.Qd1+ Kf5 52.Qd3+ Qxd3
53.cxd3 Kxe5 54.Kc2 Kd4 55.Kd2 a4 56.Ke2 Ke5 57.Ke3 Kd5 58.b3 a3 59.d4 Kd6
60.Ke4 Ke6 61.d5+ Kd6 62.Kd4 {#r} 1-0

[Event "XXVII Paz de Ziganda 2017"]
[Site "masterchessopen.com Villava ESP"]
[Date "2017.03.18"]
[Round "5.2"]
[White "Andres Gonzalez,A"]
[Black "Gascon Del Nogal,Jose Rafael"]
[Result "0-1"]
[WhiteElo "2511"]
[BlackElo "2484"]

1.Nf3 Nf6 2.c4 g6 3.g3 Bg7 4.Bg2 O-O 5.O-O d6 6.d4 Nbd7 7.Nc3 e5 8.Qc2 Re8
9.Rd1 exd4 10.Nxd4 c6 11.Bf4 Ne5 12.c5 d5 13.e4 Bg4 14.f3 Bc8 15.Bxe5 Rxe5
16.f4 Re8 17.exd5 cxd5 18.Ncb5 Ng4 19.Qd2 Bd7 20.Nd6 Re7 21.Bxd5 Ne3 22.Bxf7+
Kf8 23.Re1 Qc7 24.Rac1 b6 25.Rxe3 Rxe3 26.Qxe3 bxc5 27.N6b5 Qb6 28.Qa3 Kxf7
29.Qxc5 Qxc5 30.Rxc5 a6 31.Rc7 Ke8 32.Nd6+ Ke7 33.N6f5+ gxf5 34.Nxf5+ Kd8
35.Rb7 Bf6 36.Nd6 Bd4+ 37.Kf1 Bc5 38.Nf7+ Kc8 39.Rb3 Bb5+ 40.Ke1 Bc4 41.Rf3
Bb4+ 42.Kf2 Bxf7 {#R} 0-1

[Event "XXVII Paz de Ziganda 2017"]
[Site "masterchessopen.com Villava ESP"]
[Date "2017.03.18"]
[Round "5.3"]
[White "Navarrete Delgado,S"]
[Black "Huerga Leache,M"]
[Result "0-1"]
[WhiteElo "2239"]
[BlackElo "2449"]

1.e4 e6 2.d4 d5 3.exd5 exd5 4.Bd3 Nc6 5.Be3 Be6 6.Nc3 Qd7 7.h3 Bf5 8.Bxf5 Qxf5
9.Qf3 Qxc2 10.Rc1 Qg6 11.Nxd5 O-O-O 12.Ne2 Nge7 13.Ndf4 Qd6 14.O-O Nd5 15.Nxd5
Qxd5 16.Qxd5 Rxd5 17.Nf4 Rd7 18.d5 Nb4 19.Bxa7 Nxd5 20.Nxd5 Rxd5 21.Rfe1 Bd6
22.Bb6 Rd8 23.Be3 Bb4 24.Rf1 Bd2 25.Rcd1 Bxe3 26.Rxd5 Rxd5 27.fxe3 f6 28.Rf2
Rd1+ 29.Kh2 Kd7 30.Kg3 Rd5 31.Rc2 Rf5 32.Rd2+ Ke7 33.Rc2 c6 34.Rd2 Rf1 35.a3
Rf5 36.Rd3 b5 37.Rd4 Rc5 38.a4 Ke6 39.a5 Rc1 40.b4 Ra1 41.Rd8 Ra4 42.Rd4 Ke5
43.Kf3 f5 44.g4 g6 45.gxf5 gxf5 46.Kg3 c5 47.bxc5 Rxa5 48.Kf3 Ra4 49.Rd7 Rh4
50.c6 Rxh3+ 51.Ke2 Rh6 52.c7 Rc6 53.Rxh7 Kd5 54.Rf7 Kc4 55.Kd2 Kb4 56.Rxf5
Rxc7 57.Rf1 Ka3 58.Ra1+ Kb2 59.Ra5 b4 60.Rb5 Rd7+ 61.Ke2 b3 62.e4 Kc2 63.Ke3
Rd3+ 64.Kf4 b2 {#R} 0-1

[Event "XXVII Paz de Ziganda 2017"]
[Site "masterchessopen.com Villava ESP"]
[Date "2017.03.18"]
[Round "6.1"]
[White "Gascon Del Nogal,Jose Rafael"]
[Black "Del Rio de Angelis,S"]
[Result "0-1"]
[WhiteElo "2484"]
[BlackElo "2514"]

1.e4 e6 2.d4 d5 3.Nc3 dxe4 4.Nxe4 Nd7 5.Nf3 Ngf6 6.Nxf6+ Nxf6 7.Bc4 Be7 8.O-O
O-O 9.Qe2 c5 10.Rd1 Qc7 11.Ne5 Rd8 12.Bf4 cxd4 13.Nxf7 Qxf4 14.Nxd8 Bxd8 15.g3
Qd6 16.c3 Bb6 17.cxd4 Bd7 18.a4 a6 19.a5 Ba7 20.Ra3 Nd5 21.Bd3 Bc6 22.Be4 Re8
23.Qc2 h6 24.Rf3 Rf8 25.Rxf8+ Qxf8 26.Qe2 Qf6 27.Bc2 Kf7 28.Qh5+ Ke7 29.Qg4
Nb4 30.Bb3 Bf3 {#R} 0-1

[Event "XXVII Paz de Ziganda 2017"]
[Site "masterchessopen.com Villava ESP"]
[Date "2017.03.18"]
[Round "6.3"]
[White "Andres Gonzalez,I"]
[Black "Perez Pacheco,Ricardo"]
[Result "1-0"]
[WhiteElo "2354"]
[BlackElo "2177"]

1.e4 c5 2.Nc3 Nc6 3.Bb5 g6 4.Nf3 Bg7 5.O-O Nf6 6.Re1 O-O 7.e5 Ne8 8.Bxc6 dxc6
9.d3 Nc7 10.Ne4 Ne6 11.Be3 b6 12.Qd2 Nd4 13.Nxd4 cxd4 14.Bh6 c5 15.Ng3 Bb7
16.f3 Re8 17.Bxg7 Kxg7 18.Qg5 h6 19.Nf5+ {#r} 1-0

[Event "Bundesliga 2016-17"]
[Site "masterchessopen.com Hamburg GER"]
[Date "2017.03.18"]
[Round "9.1"]
[White "Movsesian,S"]
[Black "Smerdon,D"]
[Result "1-0"]
[WhiteElo "2677"]
[BlackElo "2527"]
[EventType "team"]

1.Nf3 d5 2.g3 g6 3.Bg2 Bg7 4.c4 dxc4 5.Qa4+ Nc6 6.Qxc4 e5 7.d3 Nge7 8.h4 h6
9.Nc3 Be6 10.Qa4 Qd7 11.Ne4 b6 12.h5 f5 13.Nc3 g5 14.Nxg5 hxg5 15.Bxg5 Bh6
16.Bxe7 Nxe7 17.Bxa8 c6 18.Rd1 Kf7 19.d4 exd4 20.Rxd4 Qc7 21.Bxc6 Nxc6 22.Rd1
Ne5 23.O-O Rg8 24.Nd5 Qb7 25.Nf4 Bxf4 26.Qxf4 Ng4 27.Rc1 Qe4 28.Rc7+ Kf6
29.Qxe4 fxe4 30.Rxa7 Bc4 31.Re1 Rg5 32.f3 exf3 33.exf3 Ne5 34.f4 Rxg3+ 35.Kh2
Nf3+ 36.Kxg3 Nxe1 37.h6 {#r} 1-0

[Event "Bundesliga 2016-17"]
[Site "masterchessopen.com Hamburg GER"]
[Date "2017.03.18"]
[Round "9.1"]
[White "Markgraf,Al"]
[Black "Meier,Geo"]
[Result "0-1"]
[WhiteElo "2523"]
[BlackElo "2648"]
[EventType "team"]

1.e4 e6 2.d4 d5 3.Nc3 dxe4 4.Nxe4 Nd7 5.Nf3 Ngf6 6.Bd3 c5 7.O-O Nxe4 8.Bxe4
Nf6 9.Bg5 cxd4 10.Qe2 Qb6 11.Rfd1 Nxe4 12.Qxe4 f6 13.Bh4 Be7 14.Qxd4 e5
15.Qxb6 axb6 16.Nd2 b5 17.Ne4 Bd7 18.Nd6+ Bxd6 19.Rxd6 Bc6 20.f3 Kf7 21.a3 g5
22.Be1 Rhg8 23.Bc3 Ra4 24.h3 h5 25.Kf2 Rf4 26.Bd2 Rc4 27.Rc1 Ra4 28.Bb4 Raa8
29.Bc3 Rae8 30.Rcd1 Re6 31.Rd8 Rxd8 32.Rxd8 h4 33.g3 hxg3+ 34.Kxg3 Kg6 35.Bd2
Re7 36.Rd6 Rh7 37.Bc3 Kf7 38.Ba5 Rh4 39.Bd2 Rc4 40.c3 Ke7 41.Rd3 Rh4 42.Be3
Bd7 43.Bc5+ Ke8 44.Rd6 Rxh3+ 45.Kg2 Rh6 46.Kg3 Rg6 47.Kf2 Bc6 48.Re6+ Kf7
49.Re7+ Kg8 50.Re6 Rh6 51.Kg3 Kf7 52.Rd6 Rh4 53.Be3 Rh1 54.Bb6 Rf1 55.Bf2 f5
{#R} 0-1

[Event "Bundesliga 2016-17"]
[Site "masterchessopen.com Hamburg GER"]
[Date "2017.03.18"]
[Round "9.2"]
[White "Feller,S"]
[Black "Duda,J"]
[Result "0-1"]
[WhiteElo "2573"]
[BlackElo "2678"]
[EventType "team"]

1.d4 Nf6 2.Nf3 d5 3.g3 c6 4.c4 Bf5 5.Nc3 e6 6.Qb3 Qb6 7.c5 Qc7 8.Bf4 Qc8 9.Nh4
Bg6 10.Bg2 Nbd7 11.Nxg6 hxg6 12.e4 Be7 13.exd5 Nxd5 14.Nxd5 cxd5 15.Rc1 g5
16.Bd2 a5 17.O-O Nb8 18.Rfe1 Nc6 19.Qd3 Qd7 20.b3 Rb8 21.a3 b6 22.b4 axb4
23.axb4 b5 24.Ra1 O-O 25.Ra6 Bf6 26.Bc3 Rb7 27.Rea1 g6 28.Bf1 Rc8 29.R1a3 Kh7
30.Ra8 Rxa8 31.Rxa8 Ra7 32.Rxa7 Nxa7 33.Qd1 Qb7 34.Qa1 Nc6 35.Bd3 Bg7 36.h3 e5
37.dxe5 d4 38.Bxd4 Qd7 39.Bxb5 Qxd4 40.Qxd4 Nxd4 41.Bc4 Kg8 42.f4 gxf4 43.gxf4
Bh6 44.c6 Nxc6 45.e6 fxe6 46.f5 Kg7 47.fxe6 Kf6 48.b5 Ne5 49.Bb3 Nf3+ 50.Kg2
Nd4 51.Bc4 Nxe6 52.Kf3 Nd4+ 53.Kg4 Nf5 54.Bd3 Be3 55.h4 Bb6 56.Bb1 Nh6+ 57.Kg3
Bd8 58.Bd3 Kg7 59.Kh3 Nf7 60.Bb1 Kh6 61.Bd3 Ne5 62.Be2 Bc7 63.Bd1 Nd3 64.Bc2
Nf4+ 65.Kg4 Ne6 66.Be4 Nd4 67.Bd3 Bd8 68.Bc4 Nf5 69.Bd3 Nxh4 70.Bxg6 Kxg6
71.b6 Nf5 72.b7 Bc7 73.b8=Q Bxb8 74.Kf3 Nd6 75.Kf4 Kf6 76.Kg4 Ba7 77.Kf4 Bd4
78.Kg4 Ke5 79.Kf3 Kf5 80.Kg3 Ke4 81.Kg4 Be5 82.Kh4 Kf3 83.Kh3 Ne4 84.Kh4 Bg3+
85.Kh5 Kf4 86.Kg6 Bh4 87.Kf7 Kf5 88.Ke8 Ke6 89.Kf8 Be7+ 90.Kg7 Ng3 91.Kg6 Bf6
92.Kh6 Kf7 93.Kh7 Bg5 94.Kh8 Bh6 95.Kh7 Nf5 96.Kh8 Kg6 {#R} 0-1

[Event "Bundesliga 2016-17"]
[Site "masterchessopen.com Hamburg GER"]
[Date "2017.03.18"]
[Round "9.2"]
[White "Miton,K"]
[Black "Kantans,T"]
[Result "1-0"]
[WhiteElo "2612"]
[BlackElo "2476"]
[EventType "team"]

1.c4 e5 2.g3 Nc6 3.Bg2 Bc5 4.Nc3 a6 5.Nf3 d6 6.O-O Nf6 7.d3 O-O 8.Bg5 h6 9.Bd2
Re8 10.a3 Ba7 11.b4 Rb8 12.e3 Be6 13.Qc2 Qd7 14.Rac1 d5 15.cxd5 Nxd5 16.Nxd5
Bxd5 17.Bc3 f6 18.Rfd1 Qf7 19.Qb1 Rbd8 20.Rd2 Rd7 21.a4 Qh5 22.Nh4 Bxg2
23.Kxg2 Nd8 24.b5 axb5 25.Qxb5 c6 26.Qc4+ Qf7 27.Qxf7+ Kxf7 28.Rb1 Ne6 29.Nf5
Nc5 30.a5 Ke6 31.e4 Red8 32.f4 Rxd3 33.Rxd3 Rxd3 34.Be1 g6 35.Nxh6 exf4
36.gxf4 Nb3 37.f5+ gxf5 38.exf5+ Kd5 39.Ng4 Ke4 40.Nxf6+ Kxf5 41.Ne8 Bb8
42.Ng7+ Kf6 43.Nh5+ Ke6 44.Rb2 Be5 45.Ra2 Rd1 46.Bg3 Nc1 47.Rc2 Bxg3 48.Kxg3
Kd6 49.Nf6 Nb3 50.Ra2 Ke6 51.Ng4 Nc5 52.Re2+ Kd6 53.h4 Rd3+ 54.Re3 Rxe3+
55.Nxe3 Ke6 56.Kf4 Kf6 57.Nc4 Nb3 58.h5 c5 59.Kg4 Nxa5 60.Nxa5 b5 61.Kf4 c4
62.Nc6 c3 63.Nb4 Kg7 64.Kg5 Kh7 65.h6 Kg8 66.Kg6 Kh8 67.Nd3 c2 68.h7 c1=Q
69.Nxc1 b4 70.Nd3 b3 71.Ne5 {#r} 1-0

[Event "Bundesliga 2016-17"]
[Site "masterchessopen.com Hamburg GER"]
[Date "2017.03.18"]
[Round "9.2"]
[White "Meskovs,N"]
[Black "Huschenbeth,N"]
[Result "0-1"]
[WhiteElo "2483"]
[BlackElo "2548"]
[EventType "team"]

1.d4 d5 2.Nf3 Bf5 3.c4 e6 4.Nc3 Nc6 5.Bg5 Be7 6.Bxe7 Ncxe7 7.Qb3 Nf6 8.Qxb7
O-O 9.e3 Rb8 10.Qxa7 Rxb2 11.Qa3 Rc2 12.Nd2 e5 13.Nb5 c6 14.dxe5 cxb5 15.exf6
dxc4 16.Rd1 Nc6 17.fxg7 Re8 18.Ne4 Qh4 19.Ng3 Bg4 20.Be2 Bxe2 21.Nxe2 Ne5
22.Qb4 Nd3+ 23.Rxd3 Rxe2+ 24.Kd1 Rxa2 25.Ra3 Rxf2 26.Qxb5 Qe4 27.Ke1 Rxg2
28.Rf1 Rd8 29.Rf4 Rd1+ 30.Kxd1 Qc2+ {#R} 0-1

[Event "Bundesliga 2016-17"]
[Site "masterchessopen.com Hamburg GER"]
[Date "2017.03.18"]
[Round "9.2"]
[White "Shytaj,L"]
[Black "Rogozenco,D"]
[Result "1-0"]
[WhiteElo "2437"]
[BlackElo "2483"]
[EventType "team"]

1.d4 d5 2.Bf4 c6 3.Nf3 Bf5 4.e3 e6 5.Nbd2 Bd6 6.Ne5 f6 7.Nd3 Ne7 8.Qf3 O-O
9.g4 Bxd3 10.Bxd3 e5 11.Bg3 Rf7 12.O-O-O Nd7 13.Bf5 Nf8 14.Qg2 Qc7 15.Bd3 Nfg6
16.c3 b5 17.h4 b4 18.h5 Nf8 19.dxe5 fxe5 20.c4 e4 21.Bxd6 Qxd6 22.Bc2 Qf6
23.cxd5 cxd5 24.Bb3 Rc8+ 25.Kb1 Qxf2 26.Qxf2 Rxf2 27.Nxe4 Re2 28.Nd6 Rc5 29.e4
h6 30.exd5 Kh7 31.Rhf1 Nd7 32.Nb7 Rc7 33.Nd8 Rc8 34.Ne6 Ng8 35.Rf7 Ngf6
36.Rxg7+ Kh8 37.Rf7 Kg8 38.Rg7+ Kh8 39.g5 hxg5 40.h6 Rh2 41.Nxg5 Rxh6 42.Re7
Rh2 43.Rg1 {#r} 1-0

[Event "Bundesliga 2016-17"]
[Site "masterchessopen.com Solingen GER"]
[Date "2017.03.18"]
[Round "9.3"]
[White "Jobava,Ba"]
[Black "Van Kampen,R"]
[Result "1-0"]
[WhiteElo "2698"]
[BlackElo "2643"]
[EventType "team"]

1.d4 Nf6 2.c4 g6 3.Nc3 Bg7 4.g3 d5 5.cxd5 Nxd5 6.Bg2 Nxc3 7.bxc3 c5 8.e3 Qa5
9.Bd2 O-O 10.Ne2 Nc6 11.O-O Rd8 12.Rc1 Qxa2 13.Ra1 Qb2 14.Rb1 Qa2 15.Rb5 cxd4
16.cxd4 Qa6 17.Nc3 Bd7 18.Rb2 e6 19.Ra2 Qb6 20.Qa1 a6 21.Rb1 Qc7 22.Ne4 Ra7
23.Bc3 f5 24.Nc5 Bc8 25.Rab2 Rd6 26.Ra2 b5 27.Rc1 Qb6 28.Rac2 a5 29.Be1 Nxd4
30.exd4 Bxd4 31.Na4 Qd8 32.Bc3 Rc7 33.Bxd4 Rxc2 34.Rxc2 bxa4 35.Qxa4 Ba6
36.Rd2 Kf7 37.Bf3 e5 38.Qa2+ Kf6 39.Bc3 Rxd2 40.Qxd2 Qxd2 41.Bxd2 a4 42.Bc6 a3
43.Bd5 g5 44.f4 {#r} 1-0

[Event "Bundesliga 2016-17"]
[Site "masterchessopen.com Solingen GER"]
[Date "2017.03.18"]
[Round "9.3"]
[White "Saric,Iv"]
[Black "Smeets,J"]
[Result "1-0"]
[WhiteElo "2666"]
[BlackElo "2598"]
[EventType "team"]

1.e4 e5 2.Nf3 Nf6 3.Nxe5 d6 4.Nf3 Nxe4 5.d4 d5 6.Bd3 Be7 7.Nbd2 Bf5 8.Ne5 f6
9.Ng4 Nc6 10.Ne3 Bg6 11.c3 Nxd2 12.Bxg6+ hxg6 13.Bxd2 Qd7 14.Qc2 f5 15.g4 Rf8
16.O-O-O O-O-O 17.Rdg1 Bh4 18.Ng2 g5 19.Nxh4 gxh4 20.gxf5 Rf7 21.Rg4 Rh8
22.Rhg1 b6 23.Rg5 Rh7 24.Re1 Ne7 25.Re5 Rh8 26.c4 Rd8 27.Bb4 dxc4 28.Bxe7 Rxe7
29.Qe4 {#r} 1-0

[Event "Bundesliga 2016-17"]
[Site "masterchessopen.com Solingen GER"]
[Date "2017.03.18"]
[Round "9.3"]
[White "Wagner,De"]
[Black "Nikolic,Pr"]
[Result "1-0"]
[WhiteElo "2543"]
[BlackElo "2622"]
[EventType "team"]

1.d4 Nf6 2.c4 e6 3.Nc3 Bb4 4.f3 d5 5.a3 Bxc3+ 6.bxc3 h6 7.cxd5 exd5 8.e3 Bf5
9.Ne2 O-O 10.g4 Bh7 11.h4 Ne8 12.Nf4 Nc6 13.g5 hxg5 14.hxg5 Qxg5 15.Ra2 Qd8
16.Rah2 Nf6 17.Qc2 g6 18.Rxh7 Nxh7 19.Qh2 Re8 20.Qxh7+ Kf8 21.Qh6+ Ke7 22.Qg5+
{#r} 1-0

[Event "Bundesliga 2016-17"]
[Site "masterchessopen.com Solingen GER"]
[Date "2017.03.18"]
[Round "9.4"]
[White "Krassowizkij,J"]
[Black "Navara,D"]
[Result "0-1"]
[WhiteElo "2438"]
[BlackElo "2737"]
[EventType "team"]

1.d4 Nf6 2.c4 e6 3.Nc3 Bb4 4.Qc2 O-O 5.Nf3 d6 6.Bg5 Nbd7 7.e3 h6 8.Bxf6 Nxf6
9.a3 Bxc3+ 10.Qxc3 b6 11.Be2 Bb7 12.O-O c5 13.Rfd1 Qe7 14.dxc5 dxc5 15.Ne5 Ne4
16.Qc2 Qc7 17.Nf3 e5 18.Nd2 Ng5 19.Nf3 Qe7 20.Qf5 Bxf3 21.Bxf3 g6 22.Qg4 h5
23.Qg3 h4 24.Qg4 e4 25.Be2 f5 26.Qf4 Rad8 27.Kf1 Nf7 28.g3 hxg3 29.hxg3 Kg7
30.Rxd8 Rxd8 31.Rd1 Rxd1+ 32.Bxd1 Qd8 33.Ke1 Qf6 34.g4 Qxb2 35.gxf5 Qc3+
36.Kf1 Qe5 37.f6+ Kf8 38.Qg4 Qf5 39.Qg3 Ne5 40.Qh4 Kf7 41.Be2 Nf3 42.Qg3 Kxf6
43.Qd6+ Kg5 44.Bxf3 exf3 45.Qg3+ Qg4 46.Qe5+ Kh4 47.Qe7+ Kh3 48.Qh7+ Qh4
49.Qf7 Qe4 50.Qh7+ Kg4 51.Qd7+ Qf5 52.Qd1 Kh3 53.Qa1 Kh2 {#R} 0-1

[Event "Bundesliga 2016-17"]
[Site "masterchessopen.com Solingen GER"]
[Date "2017.03.18"]
[Round "9.4"]
[White "Fridman,D"]
[Black "Grabarczyk,M"]
[Result "1-0"]
[WhiteElo "2597"]
[BlackElo "2441"]
[EventType "team"]

1.Nf3 d5 2.c4 e6 3.g3 Nf6 4.Bg2 d4 5.O-O c5 6.e3 Nc6 7.exd4 cxd4 8.d3 Be7
9.Re1 O-O 10.Na3 Nd7 11.Nc2 e5 12.b4 f6 13.Nh4 Nb6 14.b5 Nb4 15.f4 Na4 16.Nxb4
Bxb4 17.Bd5+ Kh8 18.Qxa4 Bxe1 19.f5 Bc3 20.Rb1 Qe8 21.Qd1 g5 22.fxg6 hxg6
23.Bh6 g5 24.Bxf8 gxh4 25.Be4 f5 26.Bd5 Qxf8 27.Qh5+ Kg7 28.gxh4 Qh8 29.Qg5+
Kh7 30.Kh1 Qg7 31.Qh5+ Qh6 32.Qf7+ Qg7 33.Qh5+ Qh6 34.Bg8+ {#r} 1-0

[Event "Bundesliga 2016-17"]
[Site "masterchessopen.com Solingen GER"]
[Date "2017.03.18"]
[Round "9.4"]
[White "Feygin,M"]
[Black "Walter,S2"]
[Result "1-0"]
[WhiteElo "2468"]
[BlackElo "2406"]
[EventType "team"]

1.e4 e5 2.Nf3 Nc6 3.Bb5 a6 4.Bxc6 dxc6 5.O-O Qf6 6.d4 exd4 7.Bg5 Qd6 8.Qxd4
Qxd4 9.Nxd4 Bd7 10.Nc3 Be7 11.Bxe7 Nxe7 12.Rad1 O-O-O 13.f4 Rhe8 14.Nf3 f6
15.Rd2 Be6 16.Rfd1 Rxd2 17.Rxd2 c5 18.e5 f5 19.a3 h6 20.Kf2 Rg8 21.h4 b6 22.g3
Kb7 23.Nd1 a5 24.Ne3 a4 25.h5 Kc6 26.Nh4 Rf8 27.Ng6 Nxg6 28.hxg6 h5 29.Kg2 Rh8
30.Kh3 Rh6 31.Rd8 b5 32.Kh4 Rxg6 33.Rh8 b4 34.Rxh5 c4 35.c3 bxa3 36.bxa3 Kc5
37.g4 Bc8 38.gxf5 Rg1 39.e6 Rh1+ 40.Kg5 Rc1 41.Kg6 {#r} 1-0

[Event "Bundesliga 2016-17"]
[Site "masterchessopen.com Solingen GER"]
[Date "2017.03.18"]
[Round "9.4"]
[White "Hausrath,D"]
[Black "Koehler,R"]
[Result "1-0"]
[WhiteElo "2481"]
[BlackElo "2282"]
[EventType "team"]

1.Nf3 c5 2.c4 Nf6 3.g3 d5 4.cxd5 Nxd5 5.Bg2 Nc6 6.d4 cxd4 7.Nxd4 Ndb4 8.Nxc6
Qxd1+ 9.Kxd1 Nxc6 10.Nc3 Bf5 11.Be3 e5 12.Rc1 Bb4 13.a3 Ba5 14.b4 Bb6 15.Nd5
Bxe3 16.fxe3 Rd8 17.Ke1 Rd7 18.b5 Ne7 19.e4 Bg4 20.h3 Bh5 21.Kf2 Kd8 22.Rc5
Nxd5 23.exd5 Rc7 24.Rxc7 Kxc7 25.d6+ Kxd6 26.Bxb7 Kc5 27.a4 Rd8 28.Rc1+ Kb4
29.Rc7 Kxa4 30.Bc6 Kb4 31.Rxa7 Kc5 32.Rc7 Kb6 33.Re7 f6 34.Rxg7 Rd2 35.g4 Bg6
36.Re7 Rb2 37.Re6 Kc5 38.Rxf6 Bd3 39.Bf3 Bxb5 40.Re6 Kd4 41.g5 Bc4 42.Re7 Bg8
43.h4 Rb8 44.e3+ {#r} 1-0

[Event "Bundesliga 2016-17"]
[Site "masterchessopen.com Solingen GER"]
[Date "2017.03.18"]
[Round "9.4"]
[White "Spitzl,Vinzent"]
[Black "Dinstuhl,V"]
[Result "0-1"]
[WhiteElo "2146"]
[BlackElo "2409"]
[EventType "team"]

1.e4 c6 2.d4 d5 3.Nd2 dxe4 4.Nxe4 Nf6 5.Nxf6+ exf6 6.c3 Bd6 7.Bd3 O-O 8.Ne2
Re8 9.Be3 Nd7 10.Qc2 Nf8 11.O-O Qc7 12.h3 g6 13.Rad1 Bd7 14.c4 Ne6 15.c5 Bf8
16.Qc1 Rad8 17.b4 f5 18.Bc4 Bc8 19.Nf4 Bg7 20.d5 cxd5 21.Nxd5 Qb8 22.Bb5 Rf8
23.Bh6 Bxh6 24.Nf6+ Kg7 25.Qa1 Kh8 26.Nd7+ Bg7 27.Qxg7+ Kxg7 28.Nxb8 Nd4
29.Bc4 Be6 30.Bxe6 fxe6 31.Rfe1 e5 {#R} 0-1

[Event "Bundesliga 2016-17"]
[Site "masterchessopen.com Berlin GER"]
[Date "2017.03.18"]
[Round "9.5"]
[White "Erdos,V"]
[Black "Stern,R"]
[Result "1-0"]
[WhiteElo "2585"]
[BlackElo "2521"]
[EventType "team"]

1.d4 Nf6 2.c4 e6 3.Nf3 d5 4.Nc3 Nbd7 5.Qc2 Be7 6.cxd5 exd5 7.Bf4 c6 8.h3 O-O
9.e3 Re8 10.Bd3 Nf8 11.O-O Ng6 12.Bh2 Bd6 13.Bxd6 Qxd6 14.Rab1 a5 15.a3 Be6
16.Rfe1 Re7 17.Ng5 Rae8 18.b4 axb4 19.Rxb4 Ra8 20.Reb1 Bc8 21.a4 Qd8 22.Qd1
Nf8 23.Qc2 h6 24.Nf3 Ne8 25.Ne2 Nd6 26.Ng3 Re8 27.Ne5 g6 28.Ne2 Re7 29.Nf4 Rc7
30.Rc1 Ne6 31.Nxe6 Bxe6 32.Bxg6 Qg5 33.Bh7+ Kh8 34.Kh2 Qg7 35.Bd3 Rg8 36.g3 h5
37.Nf3 Qf6 38.Nh4 c5 39.Rb2 c4 40.Bf1 Nf5 41.Ng2 h4 42.g4 Nh6 43.Nf4 Nxg4+
44.hxg4 Rxg4 45.Nxe6 fxe6 46.Bh3 Rg5 47.Qe2 Rcg7 48.f4 {#r} 1-0

[Event "Bundesliga 2016-17"]
[Site "masterchessopen.com Berlin GER"]
[Date "2017.03.18"]
[Round "9.5"]
[White "Rabiega,R"]
[Black "Lupulescu,C"]
[Result "0-1"]
[WhiteElo "2498"]
[BlackElo "2609"]
[EventType "team"]

1.e4 c5 2.c3 d5 3.exd5 Qxd5 4.d4 g6 5.Na3 Bg7 6.Nb5 Na6 7.Be3 cxd4 8.Bxd4 Nf6
9.Bxa7 Qc6 10.Be3 O-O 11.Nd4 Qc7 12.Nb5 Qc6 13.Nd4 Qd5 14.Be2 Nc5 15.Nb5 b6
16.Nf3 Rxa2 17.Rxa2 Qxa2 18.Bc1 Bb7 19.O-O Qa8 20.Bf4 Rd8 21.Qa1 Nd5 22.Bg3
Ne4 23.Rd1 Nxg3 24.hxg3 Qb8 25.Bc4 e6 26.Rd2 Nc7 27.Rxd8+ Qxd8 28.Qa7 Nxb5
29.Qxb7 Nd6 30.Qc6 Nxc4 31.Qxc4 Qd1+ 32.Kh2 Bf8 33.b4 Qd6 34.Nd4 Be7 35.Qb5
Bf6 36.Qc4 Kg7 37.f4 e5 38.Nf3 exf4 39.gxf4 Qd1 40.b5 Qc1 41.Ne5 Bxe5 42.fxe5
Qh6+ 43.Kg1 Qe3+ 44.Kf1 Qxe5 45.Qc6 Qe3 46.c4 h5 47.c5 bxc5 48.b6 c4 49.b7
Qc1+ {#R} 0-1

[Event "Bundesliga 2016-17"]
[Site "masterchessopen.com Berlin GER"]
[Date "2017.03.18"]
[Round "9.5"]
[White "Parligras,M"]
[Black "Moreno Tejera,E"]
[Result "1-0"]
[WhiteElo "2607"]
[BlackElo "2444"]
[EventType "team"]

1.d4 f5 2.g3 Nf6 3.Bg2 g6 4.Nf3 Bg7 5.O-O O-O 6.c4 d6 7.Nc3 c6 8.Re1 Na6 9.b3
Ne4 10.Bb2 Nxc3 11.Bxc3 Nc5 12.Ng5 d5 13.cxd5 cxd5 14.Bb2 Ne4 15.Nh3 Be6 16.f3
Nf6 17.Nf4 Bf7 18.Qd2 Qd6 19.Nd3 Rfc8 20.Rac1 Nd7 21.e3 Qa6 22.Bf1 Qb6 23.Ba3
Bf6 24.Bb4 Qd8 25.Ba5 Qf8 26.Bc7 Qg7 27.Qb4 b6 28.f4 e6 29.Qd6 Nf8 30.Qa3 Be8
31.Be5 Bb5 32.Bxf6 Qxf6 33.Rxc8 Rxc8 34.Qxa7 Bxd3 35.Bxd3 Rc3 36.Bb5 Qd8
37.Re2 Rc7 38.Qa3 h5 39.Qb2 Nh7 40.Rc2 Nf6 41.Qc1 Rxc2 42.Qxc2 h4 43.Be2 hxg3
44.hxg3 g5 45.Qc6 Qe7 46.fxg5 Ne4 47.Qxb6 Kg7 48.Kg2 Qxg5 49.Qc7+ Kg6 50.Qf4
Qe7 51.Qe5 Nf6 52.g4 fxg4 53.Bd3+ Kf7 54.Qg5 Ke8 55.Be2 Kf7 56.Bxg4 Qf8
57.Bh5+ Ke7 58.e4 Kd7 59.exd5 Nxd5 60.Bf3 Nc7 61.Qd2 Qg7+ 62.Kf2 Qf6 63.a4 Nd5
64.Ke2 Nf4+ 65.Kd1 Qf5 66.Qc3 Nd3 67.Qc6+ Kd8 68.Kd2 Nf4 69.Be4 Qg5 70.Qd6+
Ke8 71.Kc2 Qg3 72.Qc6+ Kf7 73.Qc7+ Kf6 74.Qc3 Qf2+ 75.Qd2 Ne2 76.Kb2 Qxd4+
77.Qxd4+ Nxd4 78.Kc3 Ke5 79.Bg2 Ne2+ 80.Kc4 Kd6 81.a5 Nf4 82.a6 {#r} 1-0

[Event "Bundesliga 2016-17"]
[Site "masterchessopen.com Berlin GER"]
[Date "2017.03.18"]
[Round "9.5"]
[White "Cyborowski,L"]
[Black "Bruedigam,M"]
[Result "1-0"]
[WhiteElo "2524"]
[BlackElo "2408"]
[EventType "team"]

1.Nf3 Nf6 2.c4 e6 3.Nc3 Bb4 4.Qc2 c5 5.a3 Ba5 6.g3 Nc6 7.Bg2 O-O 8.O-O Qe7
9.d3 d6 10.Rb1 h6 11.e3 Bxc3 12.Qxc3 e5 13.b4 Bg4 14.h3 Bf5 15.Nd2 Rac8 16.b5
Nd8 17.Bb2 Qd7 18.Kh2 Bh7 19.f4 exf4 20.gxf4 Qe7 21.Rbe1 Ne8 22.Rg1 f6 23.Ne4
Kh8 24.Bf3 Ne6 25.Qd2 b6 26.Rg3 N6c7 27.Nc3 Rd8 28.Reg1 Bg8 29.Qg2 Bh7 30.e4
Rg8 31.f5 a6 32.a4 axb5 33.axb5 d5 34.cxd5 Nd6 35.Ne2 Ra8 36.Nf4 Ra2 37.Nh5 c4
38.Ra1 Rxa1 39.Bxa1 Nce8 40.dxc4 Nxc4 41.Be2 Ncd6 42.Bd3 Qc7 43.Bd4 Nb7 44.Qf2
Nc5 45.Bc2 Nd7 46.Nf4 Nd6 47.Ne6 Qc4 48.Bd3 Qb4 49.Qg2 Ne8 50.Be2 Qd6 51.Kh1
Nc5 52.Bxc5 bxc5 53.Bh5 Nc7 54.Rxg7 Nxe6 55.Rxg8+ Bxg8 56.fxe6 c4 57.Qd2 Bh7
58.Qxh6 Qe5 59.Bg6 Qa1+ 60.Kg2 Qb2+ 61.Kf3 Qc3+ 62.Kg4 {#r} 1-0